LIBRARY & INFORMATION CENTRE, KCAET, TAVANUR

ONLINE PUBLIC ACCESS CATALOGUE (OPAC)

Cattle housing systems, lameness and behaviour / (Record no. 171)

MARC details
000 -LEADER
fixed length control field 00496cam a2200193ua 4500
003 - CONTROL NUMBER IDENTIFIER
control field OSt
008 - FIXED-LENGTH DATA ELEMENTS--GENERAL INFORMATION
fixed length control field 250802b |||||||| |||| 00| 0 eng d
020 ## - INTERNATIONAL STANDARD BOOK NUMBER
ISBN 0-89838-862-7
041 ## - LANGUAGE CODE
Language code of text/sound track or separate title eng
082 ## - DEWEY DECIMAL CLASSIFICATION NUMBER
Classification number 636.2
Item number WIE/CA
100 ## - MAIN ENTRY--AUTHOR NAME
Personal name Wierenga, H K.
245 00 - TITLE STATEMENT
Title Cattle housing systems, lameness and behaviour /
250 ## - EDITION STATEMENT
Edition statement 1 /
260 ## - PUBLICATION, DISTRIBUTION, ETC. (IMPRINT)
Place of publication :
Name of publisher Martinus Nijhoff Publishers ,
Year of publication 1987.
300 ## - PHYSICAL DESCRIPTION
Number of Pages 187 ; .
650 ## - SUBJECT ADDED ENTRY--TOPICAL TERM
Topical Term Proceedings
700 1# - ADDED ENTRY--PERSONAL NAME
Personal name Peterse, D J.
942 ## - ADDED ENTRY ELEMENTS (KOHA)
Koha item type Books
Holdings
Withdrawn status Lost status Damaged status Home library Current library Date acquired Full call number Accession Number Koha item type
      KAUAET KAUAET 07/04/2012 636.2 WIE/CA 19920 Books
free website counter